MARC

LEADER 00000nas a2200000 a 4500
001 ssj0012352
003 WaSeSS
005 20200512172242.0
006 m d
007 cr n
008 040407c19879999iluqr pss 0 a0eng c
010 |a  2012247787 
022 |a 2475-2797  |y 0748-8157 
035 |a (WaSeSS)ssj0012352 
040 |a FQM  |b eng  |c FQM  |d OCLCQ  |d PFM  |d OCLCQ  |d OCLCF  |d OCLCO  |d OCLCQ  |d OCLCO  |d OCLCQ  |d LIP  |d BUF  |d DLC  |d VT2  |d OCLCO  |d OCLCA  |d WaSeSS 
042 |a pcc  |a nsdp 
060 4 |a INTERNET 
082 1 0 |a 362.1/1/068  |2 19 
210 0 |a Front Health Serv Manage  |b (Online) 
222 0 |a Frontiers of health services management  |b (Online) 
245 0 0 |a Frontiers of health services management  |h [electronic resource]. 
260 |3 1987-<2017>  |a Chicago, IL :  |b Health Administration Press 
260 3 |3 <2017>-  |a Philadelphia, PA :  |b Wolters Kluwer Health, Inc. 
310 |a Quarterly 
362 1 |a Began with vol. 1, no. 1 (Sept. 1984). 
506 |a License restrictions may limit access. 
588 |a Description based on: Vol. 1, issue 1 (fall 1997); title from publication details (EBSCOhost Web site, viewed Nov. 9, 2012). 
588 |a Latest issue consulted: Vol. 35,, issue 3 (spring 2019) (Wolters-Kluwer website, viewed on March 25, 2019). 
650 0 |a Health services administration  |v Periodicals. 
650 0 |a Hospitals  |x Administration  |v Periodicals. 
650 7 |a Health services administration.  |2 fast  |0 (OCoLC)fst00953286 
650 7 |a Hospitals  |x Administration.  |2 fast  |0 (OCoLC)fst00961176 
650 2 |a Health Services Administration. 
650 2 |a Hospital Administration. 
655 0 |a Electronic journals. 
776 0 8 |i Print version:  |t Frontiers of health services management  |x 0748-8157  |w (DLC) 86640090  |w (OCoLC)11010909 
856 4 0 |z Full text available from Research Library: 01/01/1987 to present  |u https://search.proquest.com/publication/36179